[Event "Ch Asia"]
[Site "masterchessopen.com Hyderabad (India)"]
[Date "2005.10.12"]
[Round "6"]
[White "Al-Modiahki Mohamad (QAT)"]
[Black "Himanshu Sharma (IND)"]
[Result "1-0"]
[WhiteElo "2568"]
[BlackElo "2391"]

1.e4 c5 2.Nf3 d6 3.d4 cxd4 4.Nxd4 Nf6 5.Nc3 Nc6 6.Bg5 e6 7.Qd2 Be7 8.O-O-O
Nxd4 9.Qxd4 O-O 10.f4 Qa5 11.Bc4 Bd7 12.e5 dxe5 13.Qxe5 Qb6 14.f5 Rac8 15.Qe2
Rfd8 16.Rxd7 Rxd7 17.fxe6 Rdc7 18.exf7+ Kf8 19.Bb3 Qa5 20.Bd2 Qh5 21.Qxh5 Nxh5
22.Nd5 Nf6 23.Nxc7 Rxc7 24.Re1 Rd7 25.h3 h6 26.a3 Nh7 27.Bb4 Nf6 28.Rxe7 Rxe7
29.Kd2 g5 30.Bxe7+ Kxe7 31.Ke3 b6 32.Kd4 Nh5 33.Bd5 Nf4 34.c4 Ng6 35.b4 {#r}
1-0

[Event "Ch Netherlands (team) 2005/06"]
[Site "masterchessopen.com Netherlands"]
[Date "2005.10.15"]
[Round "2"]
[White "Timmermans Ivo (NED)"]
[Black "Blokhuis Jeroen (NED)"]
[Result "0-1"]
[WhiteElo "2212"]
[BlackElo "2352"]

1.e4 c5 2.Nf3 Nc6 3.d4 cxd4 4.Nxd4 Nf6 5.Nc3 d6 6.Bg5 e6 7.Qd2 Be7 8.O-O-O
Nxd4 9.Qxd4 O-O 10.f4 Qa5 11.Bc4 Bd7 12.e5 dxe5 13.fxe5 Bc6 14.Bd2 Nd7 15.Nd5
Qc5 16.Nxe7+ Qxe7 17.Rhe1 Nb6 18.Bd3 Rfd8 19.Qg4 Rxd3 20.cxd3 Ba4 21.b3 Qa3+
22.Kb1 Bxb3 23.axb3 Qxb3+ 24.Ka1 Qa3+ 25.Kb1 Qxd3+ 26.Ka1 Qa3+ 27.Kb1 Qb3+
28.Ka1 Nc4 29.Qd4 Qa4+ {#R} 0-1

[Event "Memorial M.Chigorin (open)"]
[Site "masterchessopen.com St.Petersburg (Russia)"]
[Date "2005.10.17"]
[Round "3"]
[White "Lintchevski Daniil (RUS)"]
[Black "Vorobiov Evgeny E (RUS)"]
[Result "0-1"]
[WhiteElo "2423"]
[BlackElo "2549"]

1.e4 c5 2.Nf3 d6 3.d4 cxd4 4.Nxd4 Nf6 5.Nc3 Nc6 6.Bg5 e6 7.Qd2 Be7 8.O-O-O O-O
9.f4 Nxd4 10.Qxd4 Qa5 11.Bc4 b5 12.Bxb5 Rb8 13.e5 dxe5 14.fxe5 Rxb5 15.exf6
Rb4 16.Qe3 Bc5 17.Qg3 Bf2 18.Qxf2 Qxg5+ 19.Kb1 Qxf6 20.Qxf6 gxf6 21.a3 Rg4
22.g3 f5 23.Rhf1 h5 24.Rf4 e5 25.Rf2 h4 26.Nd5 hxg3 27.hxg3 Kg7 28.Rd3 Be6
29.Ne3 Rg5 30.c4 Rxg3 31.Rfd2 f4 {#R} 0-1

[Event "It (open)"]
[Site "masterchessopen.com Bad Wiessee (Germany)"]
[Date "2005.11.06"]
[Round "9"]
[White "Bayer Bernhard (GER)"]
[Black "Krieger Hermann (GER)"]
[Result "1-0"]
[WhiteElo "2330"]
[BlackElo "2231"]

1.e4 c5 2.Nf3 Nc6 3.d4 cxd4 4.Nxd4 Nf6 5.Nc3 d6 6.Bg5 e6 7.Qd2 Be7 8.O-O-O
Nxd4 9.Qxd4 O-O 10.f4 Qa5 11.Bc4 Rd8 12.e5 dxe5 13.Qxe5 Qb4 14.Rxd8+ Bxd8
15.Rd1 Bd7 16.Bb5 Bxb5 17.Qxb5 Qxb5 18.Nxb5 a6 19.Nd6 b5 20.Ne8 Kf8 21.Nxf6
gxf6 22.Bh4 Ke7 23.Bf2 Rc8 24.Rd3 Bc7 25.Bc5+ Ke8 26.Bd6 Bb6 27.g4 Rd8 28.Kd2
Bg1 29.h3 Bh2 30.Ke3 e5 31.fxe5 fxe5 32.Ke4 f6 33.Bc5 Rxd3 34.cxd3 Bg3 35.Kf5
Kf7 36.Bd6 Bh4 37.b3 h6 38.Bc5 Bg5 39.Bf2 Bd2 40.h4 Bc1 41.d4 Bb2 42.d5 Ba3
43.Be3 Bf8 44.h5 a5 45.a4 bxa4 46.bxa4 Ke7 47.Kg6 Kd6 48.Kf7 {#r} 1-0

[Event "Ch France (team) (nat.2) 2005/06"]
[Site "masterchessopen.com France"]
[Date "2005.11.19"]
[Round "2"]
[White "Vachier-Lagrave Maxime (FRA)"]
[Black "Bernard Christophe (FRA)"]
[Result "1-0"]
[WhiteElo "2539"]
[BlackElo "1694"]

1.e4 c5 2.Nf3 d6 3.d4 cxd4 4.Nxd4 Nf6 5.Nc3 Nc6 6.Bg5 e6 7.Qd2 Be7 8.O-O-O O-O
9.f4 Nxd4 10.Qxd4 Qa5 11.Bc4 Bd7 12.e5 dxe5 13.fxe5 Bc6 14.Bd2 Nd7 15.Nd5 Qd8
16.Nxe7+ Qxe7 17.Rhe1 Rfd8 18.Qg4 Nf8 19.Bd3 Rxd3 20.cxd3 Qd7 21.Bb4 Qd5
22.Bxf8 Rxf8 23.Kb1 Qxg2 24.Qh4 Qd5 25.Re3 Rc8 26.Qf4 Qc5 27.Rg3 Bd5 28.Rf1
Qc7 29.h4 g6 30.h5 a5 31.Rfg1 {#r} 1-0

[Event "It (open)"]
[Site "masterchessopen.com Oban (Scotland)"]
[Date "2005.11.26"]
[Round "2"]
[White "Aagaard Jacob (SCO)"]
[Black "Spencer Edwin (SCO)"]
[Result "1-0"]
[WhiteElo "2452"]
[BlackElo "2219"]

1.e4 c5 2.Nf3 Nc6 3.d4 cxd4 4.Nxd4 Nf6 5.Nc3 d6 6.Bg5 e6 7.Qd2 Be7 8.O-O-O O-O
9.f4 Nxd4 10.Qxd4 Qa5 11.Bc4 b5 12.Bxb5 Rb8 13.e5 dxe5 14.fxe5 Rxb5 15.exf6
Rb4 16.Qe3 Bc5 17.Qg3 g6 18.Be3 Bb7 19.Rd2 Rg4 20.Qh3 Rh4 21.Qg3 Rg4 22.Qe1
Ba3 23.Rd7 Bc6 24.Rxa7 Bxb2+ 25.Kxb2 Rb8+ 26.Ka1 Qb4 27.Bc1 Rc4 28.Ra3 Rxc3
29.Rb3 Rxb3 30.cxb3 Bxg2 31.Qxb4 Rxb4 32.Rd1 Bd5 33.Bh6 Rb8 34.Kb2 Ra8 35.Rc1
Rb8 36.Rc3 Ra8 37.a4 {#r} 1-0

[Event "It (open) \"]
[Site "masterchessopen.com Moscow (Russia)"]
[Date "2006.02.15"]
[Round "9"]
[White "Klimov Sergey (RUS)"]
[Black "Sareen Vishal (IND)"]
[Result "1-0"]
[WhiteElo "2498"]
[BlackElo "2396"]

1.e4 c5 2.Nf3 Nc6 3.d4 cxd4 4.Nxd4 Nf6 5.Nc3 d6 6.Bg5 e6 7.Qd2 Be7 8.O-O-O
Nxd4 9.Qxd4 O-O 10.f4 Qa5 11.Bc4 Bd7 12.e5 dxe5 13.fxe5 Bc6 14.Bd2 Nd7 15.Nd5
Qd8 16.Nxe7+ Qxe7 17.Rhe1 Rfd8 18.Qg4 Nf8 19.Bd3 Rd5 20.Bb4 Qd8 21.Qg3 Ng6
22.c4 Rd7 23.Bd6 f5 24.exf6 Rxd6 25.f7+ Kh8 26.Bxg6 Rxd1+ 27.Rxd1 Qf6 28.Bd3
Qxf7 29.Qh4 h6 30.Rf1 Qd7 31.Qg3 Qe7 32.Qg6 Qg5+ 33.Qxg5 hxg5 34.Re1 Re8
35.Bg6 Re7 36.Rd1 Bd7 37.c5 Kg8 38.Rd6 e5 39.Kd2 {#r} 1-0

[Event "Ch Netherlands (team) 2005/06"]
[Site "masterchessopen.com Netherlands"]
[Date "2006.03.04"]
[Round "7"]
[White "Pruijssers Roeland (NED)"]
[Black "Blokhuis Jeroen (NED)"]
[Result "0-1"]
[WhiteElo "2339"]
[BlackElo "2375"]

1.e4 c5 2.Nf3 Nc6 3.d4 cxd4 4.Nxd4 Nf6 5.Nc3 d6 6.Bg5 e6 7.Qd2 Be7 8.O-O-O O-O
9.f4 Nxd4 10.Qxd4 Qa5 11.Bc4 Bd7 12.e5 dxe5 13.fxe5 Bc6 14.Bd2 Nd7 15.Nd5 Qc5
16.Nxe7+ Qxe7 17.Rhe1 Nb6 18.Bf1 Rfc8 19.Qg4 Bd5 20.Kb1 Nc4 21.Bh6 g6 22.Qg5
Na3+ 23.bxa3 Qxa3 24.Rxd5 Qb4+ 25.Kc1 Qxe1+ 26.Kb2 Qc3+ 27.Kb1 Qxc2+ 28.Ka1
Qc3+ 29.Kb1 Qe1+ 30.Kb2 exd5 31.Qf6 Qb4+ 32.Ka1 Qd4+ 33.Kb1 Qb6+ {#R} 0-1

[Event "It (open)"]
[Site "masterchessopen.com Bad Ems (Germany)"]
[Date "2006.03.10"]
[Round "8"]
[White "Raddatz Michael (GER)"]
[Black "Roos Thomas (GER)"]
[Result "1-0"]
[WhiteElo "2062"]
[BlackElo "2249"]

1.e4 c5 2.Nf3 d6 3.d4 cxd4 4.Nxd4 Nf6 5.Nc3 Nc6 6.Bg5 e6 7.Qd2 Be7 8.O-O-O O-O
9.f4 Nxd4 10.Qxd4 Qa5 11.e5 dxe5 12.Qxe5 Qb6 13.Na4 Qc6 14.Bb5 Nd7 15.Qe2 Bxg5
16.Bxc6 Bxf4+ 17.Kb1 bxc6 18.Qe4 {#r} 1-0

[Event "Ch France (team) (nat.2) 2005/06"]
[Site "masterchessopen.com France"]
[Date "2006.03.11"]
[Round "8"]
[White "Goerlinger Stephane (FRA)"]
[Black "Bafounta Denis (FRA)"]
[Result "1-0"]
[WhiteElo "2180"]
[BlackElo "2241"]

1.e4 c5 2.Nf3 Nc6 3.d4 cxd4 4.Nxd4 Nf6 5.Nc3 d6 6.Bg5 e6 7.Qd2 Be7 8.O-O-O
Nxd4 9.Qxd4 O-O 10.f4 Qa5 11.Kb1 h6 12.Bh4 e5 13.Qd2 Bg4 14.Nd5 Qd8 15.Nxe7+
Qxe7 16.fxe5 dxe5 17.Be2 Rfd8 18.Qe3 Bxe2 19.Qxe2 Rxd1+ 20.Rxd1 Rd8 21.Rxd8+
Qxd8 22.Bg3 Qd6 23.Qd3 Nxe4 24.Qxd6 Nxd6 25.Bxe5 Ne4 26.c3 f5 27.Kc2 Kf7
28.Kd3 g5 29.Bb8 a6 30.Kd4 Ke6 31.a4 h5 32.b4 h4 33.c4 Nf6 34.c5 Ng4 35.h3 Nf6
36.Bc7 Nd5 37.Bd8 g4 38.b5 axb5 39.axb5 gxh3 40.gxh3 Nf4 41.c6 bxc6 42.b6 Nd5
43.b7 Nb4 44.b8=Q c5+ 45.Kc4 Nc6 46.Qc8+ {#r} 1-0

[Event "Ch Hungary (team) 2005/06"]
[Site "masterchessopen.com Hungary"]
[Date "2006.03.19"]
[Round "9"]
[White "Grabics Monika (HUN)"]
[Black "Pataki Gyozo (HUN)"]
[Result "0-1"]
[WhiteElo "2327"]
[BlackElo "2370"]

1.e4 c5 2.Nf3 Nc6 3.d4 cxd4 4.Nxd4 Nf6 5.Nc3 d6 6.Bg5 e6 7.Qd3 Be7 8.O-O-O
Nxd4 9.Qxd4 O-O 10.f4 Qa5 11.Bc4 Bd7 12.Bxf6 Bxf6 13.e5 Be7 14.Rd3 d5 15.Rh3
dxc4 16.Qxd7 Bb4 17.Kb1 Rfd8 18.Qxb7 Rab8 19.Qf3 Ba3 20.b3 Rd3 21.cxd3 Qxc3
22.Qe2 cxb3 23.d4 bxa2+ 24.Kxa2 Rb2+ 25.Ka1 Rxe2+ 26.Rxc3 Bb2+ 27.Kb1 Bxc3
28.Rc1 Rb2+ {#R} 0-1

[Event "Dos Hermanas Internet Final"]
[Site "masterchessopen.com Internet"]
[Date "2006.03.25"]
[Round "3"]
[White "Savchenko Boris (RUS)"]
[Black "Jobava Baadur (GEO)"]
[Result "0-1"]
[WhiteElo "2551"]
[BlackElo "2650"]

{ Savchenko Boris (RUS) +1 =0 -0 Jobava Baadur (GEO) +0 =2 -1 } 1.e4 c5 2.Nf3
d6 3.d4 cxd4 4.Nxd4 Nf6 5.Nc3 Nc6 6.Bg5 e6 7.Qd2 Be7 8.O-O-O Nxd4 9.Qxd4 O-O
10.f4 Qa5 11.Bc4 { ?/= } ( 11.Be2 Rd8 12.Qe3 Bd7 13.e5 dxe5 14.fxe5 Nd5
15.Nxd5 Bxg5 16.Qxg5 exd5 17.Kb1 Re8 18.Rhf1 Bc6 19.Bh5 g6 20.Bf3 d4 21.Bxc6
bxc6 22.Rde1 Qd5 23.h4 d3 24.cxd3 Qxd3+ 25.Ka1 Rad8 26.h5 Re6 27.a3 Qd2 28.Qg4
Rb8 29.Re2 Qd5 30.Qf4 Rf8 { ...1-0, Savchenko Boris 2431 - Ilarionovs Dmitrijs
2190 , Moscow 2002 It "Youth games" (under 16) } ) 11...Rd8 ( 11...Bd7 12.e5
dxe5 13.fxe5 Bc6 14.Bd2 Nd7 15.Nd5 Qd8 16.Nxe7+ Qxe7 17.Rhe1 Rfd8 18.Qg4 Nf8
19.Bd3 Rxd3 20.cxd3 Qd7 21.Bb4 Ng6 22.Bd6 f5 23.Qg5 Bd5 24.b3 Qc6+ 25.Kb2 Qb6
26.g3 Qd4+ 27.Kb1 Rc8 28.Qe3 Qxe3 29.Rxe3 f4 30.gxf4 Nxf4 31.Rf1 { ...1/2-1/2,
Svidler Peter 2710 - Anand Viswanathan 2795 , Linares 1998 It (cat.21) } )
12.Rhe1 { -0.37 CAP } ( 12.e5 dxe5 13.Qxe5 Qb6 14.f5 h6 15.Bf4 Rxd1+ 16.Rxd1
Bd7 17.Re1 Re8 18.fxe6 Bxe6 19.Bxe6 Bf8 20.Nd5 Qxe6 21.Nxf6+ gxf6 22.Qe3 Bg7
23.g4 Re7 24.c3 Bf8 25.Qxe6 fxe6 26.Rd1 h5 27.gxh5 Kh7 28.Kc2 Bh6 29.Bg3 Bg7
30.Bd6 Rf7 31.Bf4 a6 { ...1-0, Motylev Alexander 2638 - Jobava Baadur 2614 ,
Wijk aan Zee 19. 1.2006 It (cat.15) } ) ( 12.Rhf1 Bd7 13.f5 b5 14.fxe6 bxc4
15.Rf5 Qb4 16.Bxf6 Bxf6 17.exf7+ Kf8 18.Rxf6 Bg4 19.Rxd6 Rdb8 20.Rf1 Qxb2+
21.Kd2 Qb7 22.Qc5 Qe7 23.Nd5 Qg5+ 24.Rf4 { 1-0, Stein Leonid Z 2620 - Osnos
Viatcheslav 2384 , Tallinn 1959 Ch URS (1/2 final) } ) 12...b5 { N } ( 12...a6
13.Bb3 ( 13.f5 b5 14.Bb3 b4 15.Na4 Rb8 16.Be3 Ng4 17.Bg1 Bd7 18.Nb6 Bf6
19.Qxd6 Ba4 20.Qc5 Rxd1+ 21.Rxd1 Qxc5 22.Bxc5 Bxb3 23.axb3 exf5 24.exf5 Nxh2
25.Nd5 Bg5+ 26.Kb1 Rd8 27.Bxb4 Ng4 28.Ba5 Re8 29.c4 Nh6 30.c5 Nxf5 31.c6 Rc8
32.c7 { ...1-0, Von Nordheim Thomas - Ballin Andre 1900 , Binz 1994 Ch Germany
(juniors) (team) } ) 13...e5 14.Qa4 Qc5 15.f5 b5 16.Qa5 Bb7 17.Bxf6 Bxf6
18.Re2 Rd7 19.Kb1 Bd8 20.Qa3 b4 21.Na4 Qb5 { 0-1, Salas Cristian 2418 - Brito
Jaime 2143 , Santiago 1994 It (open) } ) 13.Bxb5 Rb8 14.Bc4 Ba6 { ?! } (
14...Bb7 15.Bb3 Bc6 16.f5 Rd7 { } ) 15.Bb3 { ?! } ( 15.Qxa7 Ra8 16.Qxe7 Rd7
17.Qxe6 { } ) 15...Rb4 16.Qd2 h6 17.Bh4 Nxe4 18.Nxe4 { ? } ( 18.Rxe4 Bxh4
19.Nd5 Rb5 20.Ra4 { } ) 18...Bxh4 19.g3 Be7 20.Kb1 d5 21.Nf2 Qb6 22.Nd3 Bxd3
23.Qxd3 Bf6 { ?! } ( 23...a5 24.c3 Rb5 25.Qe2 Bf6 { } ) 24.c3 Re4 25.Rxe4 dxe4
26.Qxe4 Rxd1+ 27.Bxd1 Bxc3 28.Bb3 Bf6 29.Qg2 Qd4 30.a3 g5 31.fxg5 hxg5 32.h3
Kg7 33.Ka2 Be5 34.g4 Bf6 35.Qe2 a5 36.Bc4 Qe5 37.Qc2 Qd4 38.Kb3 Qb6+ 39.Ka2
Qe3 40.Qg2 Qd4 41.Bb3 { ?? } ( { ? } 41.Qc2 Qe3 42.Bf1 Qe1 43.Be2 { } )
41...a4 42.Qc2 axb3+ 43.Qxb3 e5 44.Qc2 e4 45.Qe2 e3 46.Kb1 Qxb2+ { } {#R} 0-1

[Event "Ch Puerto Rico"]
[Site "masterchessopen.com Caguas (PuertoRico)"]
[Date "2006.04.01"]
[Round "8"]
[White "Santana-Alvarado Miguel (PUR)"]
[Black "Machin-Rivera Mark (PUR)"]
[Result "0-1"]
[WhiteElo "2131"]
[BlackElo "2066"]

1.e4 c5 2.Nf3 d6 3.d4 cxd4 4.Nxd4 Nf6 5.Nc3 Nc6 6.Bg5 e6 7.Qd2 Be7 8.O-O-O O-O
9.f4 Nxd4 10.Qxd4 Qa5 11.Bd3 e5 12.Qg1 Bg4 13.Re1 Rfc8 14.f5 Rxc3 15.Bd2 Rxc2+
16.Bxc2 Qxa2 17.Bc3 d5 18.h3 d4 19.Bxd4 exd4 20.Qxd4 Nxe4 21.Rxe4 Bg5+ 22.Re3
Qa1+ 23.Bb1 Bxe3+ 24.Qxe3 Rc8+ 25.Kd2 Qxb2+ {#R} 0-1

[Event "Match"]
[Site "masterchessopen.com Bucharest (Romania)"]
[Date "2006.04.09"]
[Round "4"]
[White "Topalov Veselin (BUL)"]
[Black "Nisipeanu Liviu-Dieter (ROM)"]
[Result "1-0"]
[WhiteElo "2813"]
[BlackElo "2690"]

{ Topalov Veselin (BUL) +0 =2 -0 } 1.e4 c5 2.Nf3 d6 3.d4 cxd4 4.Nxd4 Nf6 5.Nc3
Nc6 6.Bg5 e6 7.Qd2 Be7 8.O-O-O O-O 9.f4 Nxd4 10.Qxd4 Qa5 { ?/= } 11.h4 (
11.Bc4 Bd7 12.Bb3 ( 12.e5 dxe5 13.fxe5 Bc6 14.Bd2 Nd7 15.Nd5 Qd8 16.Nxe7+ Qxe7
17.Rhe1 Rfd8 18.Qg4 Nf8 19.Bd3 Rxd3 20.cxd3 Qd7 21.Bb4 Ng6 22.Bd6 f5 23.Qg5
Bd5 24.b3 Qc6+ 25.Kb2 Qb6 26.g3 Qd4+ 27.Kb1 Rc8 28.Qe3 Qxe3 29.Rxe3 f4 30.gxf4
Nxf4 { ...1/2-1/2, Svidler Peter 2710 - Anand Viswanathan 2795 , Linares 1998
It (cat.21) } ) 12...Bc6 13.h4 h6 14.Kb1 Qc5 15.Qd3 b5 16.a3 a5 17.f5 b4
18.Bxf6 Bxf6 19.Qxd6 Qxd6 20.Rxd6 bxc3 21.Rxc6 a4 22.Bc4 exf5 23.exf5 Rfb8
24.b4 axb3 25.Bxb3 Rxa3 26.Rh3 Rba8 27.Rhxc3 Bxc3 28.Rxc3 Ra1+ 29.Kb2 Rf1
30.g4 Rg1 { ...1/2-1/2, Topalov Veselin 2670 - Kramnik Vladimir 2730 ,
Novgorod 1995 It (cat.17) } ) 11...e5 ( 11...Rd8 12.Qe3 h6 13.Be2 Bd7 14.e5
dxe5 15.fxe5 hxg5 16.hxg5 Nh7 17.Rxh7 Kxh7 18.Rh1+ Kg8 19.Kb1 g6 20.Qf4 Kg7
21.Rf1 Rf8 22.Ne4 Bc6 23.Nd6 Bxg2 24.b4 Qa3 25.Rg1 Bd5 { 0-1, Nisipeanu
Liviu-Dieter 2465 - Tyomkin Dimitri 2385 , Holon 1995 Ch Europe (juniors)
(under 20) } ) ( 11...h6 12.Kb1 e5 13.Qd3 exf4 14.Bxf4 Bg4 15.Be2 Qh5 16.Bxg4
Qxg4 17.Qf3 Qe6 18.Rhe1 Rfd8 19.Nb5 Ne8 20.Nd4 Qc4 21.Nf5 Bf6 22.g4 Rac8 23.c3
Qb5 24.Qe2 Rc5 25.Qxb5 Rxb5 26.a4 Rb6 27.Kc2 Rc8 28.g5 Bd8 29.Bxd6 Nxd6
30.Nxd6 Rb8 31.gxh6 { ...1-0, Hracek Zbynek 2635 - Trapl Jindrich 2360 , Czech
Republic 1995 Extra League 1995/96 } ) ( 11...Bd7 12.Kb1 Rfc8 13.Qd2 Qc7 14.e5
dxe5 15.Bxf6 { 1-0, Klein Felix 2125 - Bernard Christophe 2321 , Le Touquet
28.10.2004 It (open) } ) 12.Qe3 { -0.56 CAP N } ( 12.Qd3 exf4 ( 12...h6
13.Bxf6 Bxf6 { +0.15 CAP } ) 13.Bxf4 Rd8 14.Be2 Be6 15.Nd5 Bxd5 16.exd5 Qxa2
17.Bf3 b5 18.Kd2 Rdc8 19.Ra1 Qc4 20.Qxc4 Rxc4 21.Be3 a6 22.Ra2 Nd7 23.g3 Bf6
24.Be2 Rcc8 25.Rha1 Nc5 26.Bxb5 Ne4+ 27.Kd3 Nxg3 28.Bc6 Rab8 29.Bf4 Be5
30.Bxe5 dxe5 31.Rg1 e4+ { ...0-1, Tarasov Vitaly - Evdokimov Alexander A 2498
, Volgograd 1996 Ch Russia (juniors) (under 12) } ) ( 12.Qf2 Be6 13.a3 exf4
14.Bxf4 Rfc8 15.Bd3 d5 16.Nxd5 Nxd5 17.exd5 Bxd5 18.Bd2 Qd8 19.h5 Be6 20.Bc3
Qf8 21.Bd4 h6 22.Qe2 Ba2 23.b4 Re8 24.Qf3 Kh8 25.Rh3 Bg5+ 26.Kb2 Be6 27.Rg3 f6
28.Bc3 Bg8 29.Rxg5 fxg5 30.Qxb7 Re7 31.Qc6 Rc8 { ...1-0, Gabrielsen Stig 2225
- Simola Tuomas 2092 , Copenhagen 1996 It (open) "Politiken Cup" } ) 12...exf4
13.Bxf4 Be6 14.Bxd6 Bxd6 15.Rxd6 Rac8 16.a3 Rc6 { ?! } ( 16...Rc5 17.Kb1 Qc7
18.Rd4 Ng4 { } ) 17.Rxc6 bxc6 18.Be2 Nd7 19.Rd1 Qc7 20.g3 Rb8 21.Qd4 Qxg3
22.Qxa7 Nf6 23.Kb1 h5 24.a4 Bg4 25.Bxg4 hxg4 26.Qd4 Qxh4 { ?! } ( 26...Re8
27.a5 Qf4 28.a6 g3 { } ) 27.e5 Nd5 28.Nxd5 cxd5 29.Rg1 Qh2 30.Rxg4 Rc8
31.Rxg7+ Kh8 32.Rg4 Rc4 33.Qd1 Rxg4 34.Qxg4 Qxe5 35.c3 Kh7 36.Qd4 Qe6 37.a5 f5
38.b4 Qe2 39.Qxd5 Kg6 40.Qd6+ Kg5 41.a6 f4 42.Qc5+ Kg4 43.a7 { } {#r} 1-0

[Event "Ch Berlin"]
[Site "masterchessopen.com Berlin (Germany)"]
[Date "2006.04.15"]
[Round "2"]
[White "Niehaus Frank (GER)"]
[Black "Kiesekamp Marcos (GER)"]
[Result "1-0"]
[WhiteElo "2215"]
[BlackElo "2261"]

1.e4 c5 2.Nf3 Nc6 3.d4 cxd4 4.Nxd4 Nf6 5.Nc3 d6 6.Bg5 e6 7.Qd2 Be7 8.O-O-O O-O
9.f4 Nxd4 10.Qxd4 Qa5 11.Bc4 Bd7 12.Rhe1 Rad8 13.Kb1 b5 14.Bb3 b4 15.Ne2 h6
16.Bh4 e5 17.Qd3 exf4 18.Nxf4 Kh8 19.Bf2 Ng4 20.Bd4 Bf6 21.Qg3 Be5 22.Bxe5
dxe5 23.Rxd7 Rxd7 24.Qxg4 Rd4 25.Qf5 Qd8 26.Nd3 f6 27.Rf1 Qd6 28.Bd5 Qc7
29.Nxe5 {#r} 1-0

[Event "It (open) (active)"]
[Site "masterchessopen.com Canada de Calatrava (Spain)"]
[Date "2006.04.16"]
[Round "7"]
[White "Shirov Alexei (ESP)"]
[Black "Damljanovic Branko (SRB)"]
[Result "1-0"]
[WhiteElo "2720"]
[BlackElo "2595"]

1.e4 c5 2.Nf3 d6 3.d4 cxd4 4.Nxd4 Nf6 5.Nc3 e6 6.Bg5 Nc6 7.Qd2 Be7 8.O-O-O
Nxd4 9.Qxd4 O-O 10.f4 Qa5 11.Kb1 h6 12.h4 Rd8 13.Bd3 e5 14.Qe3 Bg4 15.Rdf1
exf4 16.Qxf4 Be6 17.Nd5 Nxd5 { ?! } ( 17...Bxd5 { !? } 18.exd5 Qxd5 19.Qg3 Qe5
20.Bf4 Qh5 21.Re1 Nd5 22.Bc4 Nxf4 23.Rxe7 Nd5 { } ) 18.exd5 Bxg5 19.hxg5 Qxd5
20.gxh6 Qxa2+ 21.Kc1 Qa1+ 22.Kd2 Qa5+ 23.c3 Qe5 24.Bh7+ Kf8 25.hxg7+ Qxg7
26.Bf5 Ke7 27.Rh7 Qxg2+ 28.Kc1 Rf8 29.Bxe6 Kxe6 30.Qf5+ Ke7 31.Rxf7+ Rxf7
32.Qxf7+ Kd8 33.Re1 { } {#r} 1-0

[Event "It (open)"]
[Site "masterchessopen.com Dubai (United Arab Emirates)"]
[Date "2006.04.28"]
[Round "6"]
[White "Sadvakasov Darmen (KAZ)"]
[Black "Miroshnichenko Evgenij (UKR)"]
[Result "1-0"]
[WhiteElo "2596"]
[BlackElo "2627"]

{ Sadvakasov Darmen (KAZ) +0 =0 -1 Miroshnichenko Evgenij (UKR) +0 =2 -1 }
1.e4 c5 2.Nf3 d6 3.d4 Nf6 4.Nc3 cxd4 5.Nxd4 Nc6 6.Bg5 e6 7.Qd2 Be7 8.O-O-O
Nxd4 9.Qxd4 O-O 10.f4 Qa5 11.e5 ( 11.Bc4 Bd7 12.e5 dxe5 13.fxe5 Bc6 14.Bd2 Nd7
15.Nd5 Qd8 16.Nxe7+ Qxe7 17.Rhe1 Rfd8 18.Qg4 Nf8 19.Bd3 Rd5 20.Bb4 Qd8 21.g3
Ng6 22.Bc3 Qc7 23.Bc4 Rxd1+ 24.Rxd1 b5 25.Bb3 a5 26.a3 Ne7 27.Bd2 Bd5 28.Bxd5
Nxd5 29.Bh6 Qxe5 30.Bd2 b4 { ...0-1, Sadvakasov Darmen 2523 - Kharlov Andrei
2597 , Dubai 2002 It (open) } ) 11...dxe5 12.Qxe5 Qxe5 13.fxe5 Nd5 14.Bxe7
Nxe7 15.Bd3 b6 16.Be4 Rb8 17.Rhe1 { = } 17...Bb7 18.Nb5 { N } ( 18.Rd7 Bxe4
19.Nxe4 ( 19.Rxe7 Rb7 20.Rxb7 Bxb7 21.g3 Bc6 22.b4 Rc8 23.Kb2 Kf8 24.a4 Ke7
25.Nb5 Bd7 26.Kb3 a6 27.Nd6 Rc7 28.c4 f6 29.b5 a5 30.Ne4 f5 31.Nd6 g5 32.h4
gxh4 33.gxh4 Be8 34.Kc3 Bg6 35.Rg1 Kf8 36.Kd4 Rc5 37.Rg2 Rc7 { ...1/2-1/2,
Groszpeter Attila 2518 - Wells Peter K 2513 , Austria 14. 1.2005 Bundesliga
2004/05 } ) 19...Nc6 20.Ng5 h6 21.Nf3 Rfc8 22.Red1 Kf8 23.c3 Ke8 24.a3 b5
25.R7d6 Rb7 26.h4 Na5 27.Nd2 Nc4 28.Nxc4 bxc4 29.R6d4 Rc5 30.Re4 Ke7 31.Rdd4
Rbc7 32.g4 f6 33.exf6+ gxf6 34.Kc2 a5 35.a4 Rc8 36.Re2 h5 37.Rde4 R8c6 {
...1/2-1/2, Erenburg Sergey 2537 - Kharlov Andrei 2613 , Internet 13. 4.2004
It (blitz) ACP (Prelim2) } ) ( 18.Bxb7 Rxb7 { 1/2-1/2, Kondratiev Pavel E -
Osnos Viatcheslav 2384 , URS 1956 Ch URS (1/2 final) } ) 18...Bxe4 19.Rxe4 Nc6
( 19...Rb7 20.Ra4 ( 20.Rd6 a6 21.Nc3 Nf5 22.Rd3 { +0.15 CAP } ) 20...Nc6
21.Rd6 Nxe5 22.Rxa7 Rxa7 23.Nxa7 Rb8 24.Nc6 Nxc6 25.Rxc6 g6 26.c4 Rb7 27.Kc2
Kf8 28.Kc3 Ke7 29.Kb4 e5 30.g4 e4 31.Kc3 Rd7 32.c5 bxc5 33.Rxc5 Ke6 34.g5 Rd3+
35.Kc2 Rh3 36.a4 Rxh2+ 37.Kc3 h6 38.a5 hxg5 39.a6 { ...1/2-1/2, Cihelashvili -
Lisenko Alexander V 2347 , Riga 1968 Ch URS (team) } ) 20.Rd6 { N } 20...Rfc8
21.Rc4 Nxe5 22.Rxc8+ Rxc8 23.Nxa7 Rb8 24.Nc6 Nxc6 { N } 25.Rxc6 { +0.00 CAP }
25...g5 26.a4 Kg7 27.c4 Kf6 28.Kc2 Ke5 29.b4 f5 30.Kb3 f4 { ?! } ( 30...g4 {
!? } 31.g3 h5 32.c5 bxc5 33.Rxc5+ Kd4 34.a5 e5 35.Rc4+ Kd5 36.Kc3 Ra8 37.Rc5+
{ } ) 31.c5 bxc5 32.Rxc5+ Kd4 33.Rxg5 e5 34.a5 e4 35.Rf5 f3 36.gxf3 e3 37.Rf4+
{ ? } ( 37.Kc2 Rc8+ 38.Kd1 Rg8 39.a6 Rg1+ 40.Ke2 Rg2+ 41.Kf1 e2+ 42.Ke1 Kd3
43.Rd5+ Ke3 44.Re5+ { } ) 37...Kd3 38.Re4 e2 39.Re7 { ?? } ( 39.a6 Rb6 40.a7
Ra6 41.Re7 Kd2 42.Rd7+ Kc1 43.Re7 Kd2 44.Rd7+ Kc1 45.Re7 Kd2 46.Rd7+ { } )
39...Kd2 { ?? } ( 39...Ra8 40.a6 Rxa6 41.Kb2 Kd2 42.Rd7+ Ke3 43.Re7+ Kf2 44.b5
Ra8 45.Kc3 e1=Q+ { } ) 40.Ka4 Rf8 { ?? } ( 40...Rb7 41.Rxe2+ Kxe2 42.a6 Rd7
43.b5 Kd3 44.Kb4 Rd4+ 45.Ka5 Kc4 46.a7 Rd1 47.Ka6 Ra1+ { } ) 41.a6 Rf7 42.Re6
Rf6 43.Rxe2+ Kxe2 44.b5 Rf4+ 45.Ka5 Rxf3 46.b6 Rf5+ 47.Kb4 Rf6 48.b7 { } {#r}
1-0

[Event "It (open)"]
[Site "masterchessopen.com Sofia (Bulgaria)"]
[Date "2006.05.15"]
[Round "7"]
[White "Nikolova Adriana (BUL)"]
[Black "Mladenov Plamen (BUL)"]
[Result "0-1"]
[WhiteElo "2167"]
[BlackElo "2229"]

1.e4 c5 2.Nf3 d6 3.d4 Nf6 4.Nc3 cxd4 5.Nxd4 Nc6 6.Bg5 e6 7.Qd2 Be7 8.f4 O-O
9.O-O-O Nxd4 10.Qxd4 Qa5 11.Kb1 Rd8 12.Bc4 Bd7 13.Qd2 Qc7 14.Qe2 h6 15.Bh4 Bc6
16.Bg3 a6 17.e5 dxe5 18.fxe5 Nd7 19.Rd4 Nc5 20.Rhd1 b5 21.Rxd8+ Rxd8 22.Rxd8+
Qxd8 23.Bd3 b4 24.Nd1 Nxd3 25.cxd3 Bb5 26.Kc2 Qd5 27.b3 Qc5+ 28.Kb1 Bg5 29.Qb2
Bxd3+ 30.Ka1 Qg1 31.a4 bxa3 32.Qc3 Qxd1+ {#R} 0-1

[Event "Tournament \"]
[Site "masterchessopen.com Suzhou (China)"]
[Date "2006.05.25"]
[Round "9"]
[White "Wei Chenpeng (CHN)"]
[Black "Wang Zili (CHN)"]
[Result "1-0"]
[WhiteElo "2356"]
[BlackElo "2501"]

1.e4 c5 2.Nf3 d6 3.d4 cxd4 4.Nxd4 Nf6 5.Nc3 Nc6 6.Bg5 e6 7.Qd2 Be7 8.O-O-O O-O
9.f4 Nxd4 10.Qxd4 Qa5 11.Kb1 Rd8 12.Qd2 Qc7 13.Bd3 h6 14.h4 Bd7 15.Qe2 Bc6
16.Rdf1 Rac8 17.e5 Nh7 18.Rh3 dxe5 19.Bxe7 Qxe7 20.fxe5 Rd4 21.Ne4 Bxe4
22.Bxe4 Rcd8 23.a3 f5 24.exf6 Nxf6 25.Bf5 e5 26.Re3 Rd2 27.Qc4+ Kh8 28.g4 R8d4
29.Qc3 Qf7 30.Bd3 R2xd3 31.Rxd3 Qd7 32.Rxd4 exd4 33.Qc5 Qxg4 34.Qxa7 Qe4
35.Qb8+ Kh7 36.Qf4 Qe2 37.Rg1 Ne4 38.Qc7 Nd2+ 39.Ka1 {#r} 1-0